000 01772nam0a2200361 4500
001 RU\NLR\bibl\990034
005 20250614221244.0
010 _a5-7103-1365-3
_9100
021 _aRU
_b2006-46276
_92309
035 _a(nilc)RSL-KNO-002914899
035 _a(NLR Aleph) 000977851
090 _a440137
_c440137
100 _a20060817d2006 |||y0rusy50 ca
101 0 _arus
102 _aRU
105 _ay |||||||||
106 _ar
200 1 _aСтуденты - науке XXI века
_eсб. науч. работ студентов биологического фак.
_fМинистерство образования и науки Российской Федерации, ГОУВПО "Мордовский гос. ун-т им. Н. П. Огарева"
_g[редкол.: д.б.н. В. В. Ревин, к.б.н. А. Б. Ручин (отв. ред.) и др.]
210 _aСаранск
_cИзд-во Мордовского ун-та
_d2006
_eСаранск
_gТип. изд-ва Мордов. ун-та
215 _a74, [2] с.
_cил., табл.
_d20
320 _aБиблиогр. в конце ст.
606 1 _aБиология
_jСборники
_9896131
_3RU\NLR\auth\664781
610 0 _aБиологические науки -- Сборник
686 _aЕ.я43
_2rubbk
686 _aЕ.я43
702 1 _aРевин
_bВ. В.
_gВиктор Васильевич,
_4340
711 0 2 _aМордовский государственный университет им. Н. П. Огарева
_bБиологический факультет
_cСаранск
_9676011
_3RU\NLR\AUTH\8810087181
801 0 _aRU
_bРКП
_c20060817
_grcr
801 1 _aRU
_bРГБ
_c20060817
801 2 _aRU
_bNLR
_c20061002
_grcr
942 _cBOOK
980 _aNB